Countries by Uranium Production - Statistics

General Stats
  • This quiz has been taken 24 times
  • The average score is 13 of 15
Answer Stats
Amount Percentage Answer % Correct
21,227 43.01% Kazakhstan
100%
75 0.15% United States
96%
600 1.22% India
92%
20 0.04% Iran
92%
45 0.09% Pakistan
92%
2,508 5.08% Russia
92%
43 0.09% Brazil
88%
7,351 14.89% Canada
88%
1,700 3.44% China
88%
4,553 9.22% Australia
83%
3,300 6.69% Uzbekistan
79%
200 0.40% South Africa
75%
2,020 4.09% Niger
71%
100 0.20% Ukraine
71%
5,613 11.37% Namibia
54%
No matching quizzes found
Score Distribution
Percent of People with Each Score
Percentile by Number Answered
Your Score History
You have not taken this quiz